| 000 | 01763cam a2200337 a 4500 | ||
|---|---|---|---|
| 001 | 15542310 | ||
| 005 | 20091026142744.0 | ||
| 008 | 081203s2009 paua |db 001 0 eng | ||
| 010 | _a 2008052165 | ||
| 020 | _a9781605662466 (hardcover) | ||
| 035 | _a(OCoLC)ocn291453879 | ||
| 040 |
_aDLC _cDLC _dYDX _dBTCTA _dYDXCP _dBWX _dCDX _dDLC |
||
| 050 | 0 | 0 |
_aHD30.2 _b.O637 2009 |
| 082 | 0 | 0 |
_a658.4038 _222 _bINF |
| 245 | 0 | 0 |
_aOpen Information Management : _bApplications of Interconnectivity and Collaboration / _c[edited by] Samuli Niiranen, Jari Yli-Hietanen, Artur Lugmayr. |
| 260 |
_aHershey, PA : _bInformation Science Reference, 2009 _cc2009. |
||
| 300 |
_axxiii, 477 p. : _bill. ; _c29 cm. |
||
| 500 | _aDonated by: Dr. Khaled Nagaty | ||
| 504 | _aIncludes bibliographical references (p. 421-456) and index. | ||
| 520 | _a"This book provides a practical-level reference discussing the impact of emerging trends in information technology toward solutions capable of managing information within operational environments"--Provided by publisher. | ||
| 650 | 0 |
_aInformation technology _xManagement. _913874 |
|
| 650 | 0 |
_aInformation resources management. _913875 |
|
| 650 | 0 |
_aManagement information systems. _913876 |
|
| 700 | 1 |
_aNiiranen, Samuli. _913877 |
|
| 700 | 1 |
_aYli-Hietanen, Jari, _d1970- _913878 |
|
| 700 | 1 |
_aLugmayr, Artur. _913879 |
|
| 856 | 4 | 1 |
_3Table of contents only _uhttp://www.loc.gov/catdir/toc/fy0905/2008052165.html |
| 942 |
_2ddc _cBB |
||
| 999 |
_c13970 _d13970 |
||